Пропуск в контексте

Генетика: практикум для обучающихся по направлению подготовки 36.03.02 Зоотехния, профиль «Разведение, селекция, генетика и воспроизводство сельскохозяйственных животных»

Практикум предназначен для проведения практических занятий и самостоятельной работы студентов по дисциплине «Генетика», по направлению подготовки 36.03.02 Зоотехния, профиль «Разведение, селекция, генетика и воспроизводство сельскохозяйственных животных»....

תיאור מלא

שמור ב:
מידע ביבליוגרפי
מחבר ראשי: Позднякова Т. Э.
פורמט: Книга
שפה:Russian
יצא לאור: Санкт-Петербург СПбГАУ 2023
גישה מקוונת:https://e.lanbook.com/book/340121
https://e.lanbook.com/img/cover/book/340121.jpg
תגים: הוספת תג
אין תגיות, היה/י הראשונ/ה לתייג את הרשומה!
LEADER 01687nam0a2200265 i 4500
001 340121
003 RuSpLAN
005 20240216150945.0
008 240216s2023 ru gs 000 0 rus
040 |a RuSpLAN 
041 0 |a rus 
044 |a ru 
080 |a (075.8) 
084 |a 28.04  |2 rubbk 
245 0 0 |a Генетика: практикум для обучающихся по направлению подготовки 36.03.02 Зоотехния, профиль «Разведение, селекция, генетика и воспроизводство сельскохозяйственных животных»  |c Позднякова Т. Э. 
260 |a Санкт-Петербург  |b СПбГАУ  |c 2023 
300 |a 94 с. 
504 |a Библиогр.: доступна в карточке книги, на сайте ЭБС Лань 
520 8 |a Практикум предназначен для проведения практических занятий и самостоятельной работы студентов по дисциплине «Генетика», по направлению подготовки 36.03.02 Зоотехния, профиль «Разведение, селекция, генетика и воспроизводство сельскохозяйственных животных». 
521 8 |a Книга из коллекции СПбГАУ - Ветеринария и сельское хозяйство 
521 8 |a СЭБ 
100 1 |a Позднякова Т. Э. 
856 4 |u https://e.lanbook.com/book/340121 
856 4 8 |u https://e.lanbook.com/img/cover/book/340121.jpg 
953 |a https://e.lanbook.com/img/cover/book/340121.jpg